Event analysis of air carrier mergers and acquisitions.
Analýza deviatich zlúčení leteckých spoločností v r. 1986, dosiahnuté výsledky a ovplyvňujúce faktory.
Salvato in:
| Autore principale: | |
|---|---|
| Natura: | Capitolo di libro |
| Lingua: | inglese |
| Soggetti: | |
| Tags: |
Nessun Tag, puoi essere il primo ad aggiungerne!!
|
MARC
| LEADER | 00000naa a2200000 4500 | ||
|---|---|---|---|
| 001 | r006457 | ||
| 005 | 20220819193930.6 | ||
| 041 | 0 | |a eng | |
| 044 | |a US | ||
| 245 | 1 | 0 | |a Event analysis of air carrier mergers and acquisitions. |c W. Knapp |
| 520 | |a Analýza deviatich zlúčení leteckých spoločností v r. 1986, dosiahnuté výsledky a ovplyvňujúce faktory. | ||
| 610 | 2 | 0 | |a fúzie |
| 610 | 2 | 0 | |a spoločnosti letecké |
| 610 | 2 | 0 | |a analýza ekonomická |
| 610 | 2 | 0 | |a 1986 |
| 610 | 2 | 0 | |a USA |
| 610 | 2 | 0 | |a rozbory činnosti hospodárskej |
| 100 | 1 | |a Knapp, W. | |